| 000 | 00898nas a22002297a 4500 | ||
|---|---|---|---|
| 005 | 20140905102143.0 | ||
| 006 | a|||||r|||| 00| 0 | ||
| 007 | ta | ||
| 008 | 140905b xxu||||| |||| 00| 0 eng d | ||
| 022 | _a0254-8860 | ||
| 082 | _a616.3 | ||
| 245 |
_aIndian journal of gastroenterology : _bofficial publication of the Indian Society of Gastroenterology |
||
| 260 |
_aNew Delhi: _bSpringer India _c2014- |
||
| 260 |
_aAllahabad _bIndian Society of Gastroenterology |
||
| 300 |
_av. _c26 cm (Pbk) |
||
| 310 | _aBi-monthly | ||
| 362 | _aVol 33 No 2 March April 2014 | ||
| 650 |
_aGastrointestinal system _xDiseases _xCase studies. |
||
| 856 | _uwww.sringer.com/12664 | ||
| 270 |
_aSecretariat: Department Of Gastroenterology Moti Lal Nehru Medical College _bAllahabad _e211001 _k+91-532-2256087, 2256090 _l+91-532-256878 _mdrspmisra@gmail.com |
||
| 942 |
_2ddc _cSR _h616.3 _s1 |
||
| 999 |
_c88320 _d88320 |
||